| 000 | 00937cam a2200205 i 4500 | ||
|---|---|---|---|
| 005 | 20260125094624.0 | ||
| 008 | 250721s1982 xx gr 000 0 ara d | ||
| 082 | 1 | 4 |
_a341.55 _bع ب ا |
| 100 | 1 |
_aعباس، عبد الهادي _eمؤلف. |
|
| 245 | 1 | 2 |
_aالتحكيم : _bالتحكيم الإختياري - التحكيم الإلزامي - التحكيم في المنازعات الدولية - التحكيم في التجارة الدولية / _cتأليف المحامي الاستاذ عبد الهادي عباس، الاستاذ جهاد هواش. |
| 250 | _aالطبعة الاولى. | ||
| 264 | 3 | 1 |
_bالفكر القضائي للنشر، _c1982. _a[غير معرف]، |
| 300 | _a586 صفحة. | ||
| 650 | 1 | 7 | _aالتحكيم. |
| 650 | 1 | 7 | _aقواعد التحكيم. |
| 650 | 1 | 7 | _aالتحكيم الدولي. |
| 700 | 1 |
_aهواش، جهاد _eمؤلف. |
|
| 942 |
_2ddc _cBK |
||
| 999 |
_c232938 _d232938 |
||